| 000 | 01176nam a2200289Ia 4500 | ||
|---|---|---|---|
| 001 | ebr10052823 | ||
| 003 | CaPaEBR | ||
| 006 | m u | ||
| 007 | cr cn||||||||| | ||
| 008 | 000815s2002 enk s 000 0 eng d | ||
| 020 | _z0861766903 | ||
| 040 |
_aCaPaEBR _cCaPaEBR |
||
| 035 | _a(OCoLC)133169105 | ||
| 050 | 1 | 4 |
_aHF5549 _b.A77 2002eb |
| 245 | 0 | 0 |
_aAssessing partnership _h[electronic resource] : _bthe prospects for, and challenges of, modernisation / _cguest editors, Miguel Martinez Lucio and Mark Stuart. |
| 260 |
_aBradford, England : _bEmerald Group Publishing, _cc2002. |
||
| 300 | _a119 p. | ||
| 490 | 0 |
_aEmployee relations ; _vv.24, no. 3 |
|
| 533 |
_aElectronic reproduction. _bPalo Alto, Calif. : _cebrary, _d2009. _nAvailable via World Wide Web. _nAccess may be limited to ebrary affiliated libraries. |
||
| 650 | 0 | _aBusiness enterprises. | |
| 650 | 0 | _aPersonnel management. | |
| 655 | 7 |
_aElectronic books. _2local |
|
| 700 | 1 | _aMartinez Lucio, Miguel. | |
| 700 | 1 | _aStuart, Mark. | |
| 710 | 2 | _aebrary, Inc. | |
| 856 | 4 | 0 |
_uhttp://site.ebrary.com/lib/rucke/Doc?id=10052823 _zAn electronic book accessible through the World Wide Web; click to view |
| 999 |
_c168961 _d168961 |
||